| 000 | 01015nam a22002895a 4500 | ||
|---|---|---|---|
| 003 | OSt | ||
| 005 | 20170418112750.0 | ||
| 008 | 160922s2010 ua frb 000 0 ara d | ||
| 015 | _a2010 / 9466 | ||
| 020 | _z97897764234 | ||
| 040 |
_aEG-ScBUE _bara _cEG-ScBUE |
||
| 043 | _af-ua--- | ||
| 082 | 0 | 4 |
_a321.8 _bد ر و _222 |
| 100 | 1 |
_a درويش، محمد فهيم. _941151 |
|
| 245 | 1 | 0 |
_aمرتكزات الحكم الديمقراطي وقواعد الحكم الرشيد / _cمحمد فهيم درويش. |
| 250 | _aط. 1. | ||
| 260 |
_aالقاهرة : _bدار النهضة العربية، _c2010. |
||
| 300 |
_a471 ص. ؛ _c24 سم. |
||
| 504 | _aيشتمل على إرجاعات ببليوجرافية. | ||
| 650 | 7 |
_aالديمقراطية _zمصر. _2BUEsh _920880 |
|
| 650 | 7 |
_aالأحوال السياسية _zمصر. _2BUEsh _98298 |
|
| 650 | 7 |
_aنظم الحكم _zمصر. _2BUEsh _941152 |
|
| 651 | _2BUEsh | ||
| 653 |
_bBUSBOL _cSeptember2016 |
||
| 653 |
_bLLAAWW _cApril2017 |
||
| 942 | _2ddc | ||
| 999 |
_c22376 _d22348 |
||